000 00666cai a22001815a 4500
001 L158634
008 150515u2015 xxk g 000 0 eng d
035 _a(Sirsi) u158634
041 0 _aeng
110 2 _aStrutt & Parker
_92509
245 0 0 _aEnglish Farmland Market Review
520 _aQuarterly publication gives facts and information about farmland in England including land prices, supply of land and average size of a farm for sale.
590 _aKA
651 4 _aEngland
690 _aRural
_96268
856 4 0 _uhttps://www.struttandparker.com/publications-and-research/research
_zView the reports free of charge at www.struttandparker.com
942 _n0
999 _c121034
_d121034